Statistiques concernant Films avec Isabelle Huppert par image

Cliquez ici pour prendre le quiz!

Statistiques générales

  • Ce quiz a été pris 40 fois
  • Le résultat moyen est 5 sur 16

Statistiques - réponses

Réponse% Correct
La Pianiste
79%
La Cérémonie
68%
Elle
64%
Loulou
57%
La Dentellière
50%
La Porte du paradis
43%
Saint-Cyr
39%
Madame Hyde
36%
Tip Top
25%
In Another Country
21%
Passion
18%
Sauve qui peut (la vie)
18%
L'Ivresse du pouvoir
11%
White Material
11%
Comédie de l'innocence
7%
Malina
0%

Distribution des résultats

Percentile par nombre de réponses

% des personnes avec chaque résultat

Votre développement - résultats

Vous n’avez pas pris ce quiz